| 000 | 00484nam a2200181Ia 4500 | ||
|---|---|---|---|
| 008 | 131103s9999 xx 000 0 und d | ||
| 020 | _cRs.35 | ||
| 040 | _aLoreto College | ||
| 041 | _aEnglish | ||
| 082 |
_a915/N/TEA _bLCBED/11450 |
||
| 100 | _aDudega, Vijay | ||
| 245 |
_aTea God of the cha-cha valley _cVijay Dudega |
||
| 260 |
_aCalcutta _bParamount Academy _c[19?] |
||
| 300 |
_a33p. _b pic. _c 27cm. |
||
| 650 | _aWorld Geography | ||
| 850 | _aLCBED/915/N/TEA | ||
| 942 | _cBK | ||
| 999 |
_c29275 _d79754 |
||